Schizoanalysing the diasporic identity : (Record no. 75391)

MARC details
000 -LEADER
fixed length control field 00845nam a22002537a 4500
003 - CONTROL NUMBER IDENTIFIER
control field OSt
005 - DATE AND TIME OF LATEST TRANSACTION
control field 20211203115035.0
008 - FIXED-LENGTH DATA ELEMENTS--GENERAL INFORMATION
fixed length control field 211201b |||||||| |||| 00| 0 eng d
020 ## - INTERNATIONAL STANDARD BOOK NUMBER
Collection Number T209
040 ## - CATALOGING SOURCE
Transcribing agency STCPL
041 ## - LANGUAGE CODE
Language code of text/sound track or separate title English
082 ## - DEWEY DECIMAL CLASSIFICATION NUMBER
Classification number 820
Item number NEE-S
100 ## - MAIN ENTRY--PERSONAL NAME
Personal name Neenumol Sebastian
110 ## - GUIDE
Theses guided by Guided by T.J. Sebastian
111 ## - REARCH CENTRE
University and Center Mahatma Gandhi University Kottayam, Research & Post Graduate Department of English, St. Thomas College Palai
245 ## - TITLE STATEMENT
Title Schizoanalysing the diasporic identity :
Remainder of title A deleuzian approach to the select fiction of Amitav Ghosh and Bharati Mukherjee /
Statement of responsibility, etc. by Neenumol Sebastian
260 ## - PUBLICATION, DISTRIBUTION, ETC.
Place of publication, distribution, etc. Pala :
Date of publication, distribution, etc. December 2018
300 ## - PHYSICAL DESCRIPTION
Extent 218p.
Other physical details Hard Back
650 ## - SUBJECT ADDED ENTRY--TOPICAL TERM
Topical term English
856 ## - ELECTRONIC LOCATION AND ACCESS
Uniform Resource Identifier <a href="http://shodhganga.inflibnet.ac.in:8080/jspui/handle/10603/273397">http://shodhganga.inflibnet.ac.in:8080/jspui/handle/10603/273397</a>
942 ## - ADDED ENTRY ELEMENTS (KOHA)
Koha item type Theses
942 ## - ADDED ENTRY ELEMENTS (KOHA)
Source of classification or shelving scheme Dewey Decimal Classification
Suppress in OPAC No
942 ## - ADDED ENTRY ELEMENTS (KOHA)
Source of classification or shelving scheme Dewey Decimal Classification
Suppress in OPAC No
Holdings
Withdrawn status Lost status Source of classification or shelving scheme Damaged status Not for loan Collection code Home library Current library Shelving location Date acquired Total Checkouts Full call number Barcode Date last seen Price effective from Koha item type
    Dewey Decimal Classification     English ST. THOMAS COLLEGE LIBRARY, PALAI ST. THOMAS COLLEGE LIBRARY, PALAI Theses 2021-12-01   820 NEE-S T209 2021-12-01 2021-12-01 Theses
Rights reserved ©2021 ST. THOMAS COLLEGE LIBRARY
A joint venture of - St. Thomas College Library and
Department of Computer Science, St. Thomas Collge Palai